Genshin Impact: English VA Quiz - Statistics

General Stats
  • This quiz has been taken 60 times
    52 since last reset
  • The average score is 34 of 98
Answer Stats
Character Voice Actor % Correct
Aether Zach Aguilar
84%
Cyno Alejandro Saab
76%
Furina Amber Lee Connors
56%
Zhongli Keith Silverstein
56%
Albedo Khoi Dao
56%
Bennett Cristina Valenzuela
52%
Xingqiu Cristina Valenzuela
52%
Venti Erika Harlacher
52%
Neuvillette Ray Chase
52%
Diluc Sean Chiplock
52%
Beidou Allegra Clark
48%
Kaveh Ben Balmaceda
48%
Sayu Lilypichu (Lily Ki)
48%
Arataki Itto Max Mittelman
48%
Alhaitham Nazeeh Tarsha
48%
Raiden Shogun Anne Yatco
44%
Gaming Caleb Yen
44%
Thoma Christian Banas
44%
Lyney Daman Mills
44%
Tartaglia Griffin Burns
44%
Barbara Laura Stahl
44%
Xinyan Laura Stahl
44%
Lumine Sarah Miller-Crews
44%
Nilou Dani Chambers
40%
Kamisato Ayaka Erica Mendez
40%
Wriothesley Joe Zieja
40%
Amber Kelly Baskin
40%
Yelan Laura Post
40%
Kaedehara Kazuha Mark Whitten
40%
Freminet Paul Castro Jr
40%
Klee Poonam Basu
40%
Yae Miko Ratana
40%
Sangonomiya Kokomi Risa Mei
40%
Eula Suzie Yeung
40%
Razor Todd Haberkorn
40%
Dehya Amber May
36%
Kamisato Ayato Chris Hackney
36%
Qiqi Christie Cate
36%
Paimon Corina Boettger
36%
Gorou Cory Yee
36%
Rosaria Elizabeth Maxwell
36%
Ganyu Jennifer Los
36%
Yoimiya Jenny Yokobori
36%
Yun Jin Judy Alice Lee
36%
Xiao Laila Berzins
36%
Yanfei Lizzie Freeman
36%
Lisa Mara Junot
36%
Wanderer Patrick Pedraza
36%
Jean Stephanie Southerland
36%
Tighnari Zachary Gordon
36%
Chongyun Beau Bridgland
32%
Fischl Brittany Cox
32%
Shenhe Chelsea Kwoka
32%
Collei Christina Costello
32%
Ningguang Erin Ebers
32%
Arlecchino Erin Yvette
32%
Xiangling Jackie Lastra
32%
Kuki Shinobu Kira Buckland
32%
Charlotte Maya Aoki Tuttle
32%
Baizhu Sean Durrie
32%
Candace Shara Kirby
32%
Sethos Zeno Robinson
32%
Navia Brenna Larsen
28%
Hu Tao Brianna Knickerbocker
28%
Mualani Cassandra Lee Morris
28%
Clorinde Crystal Lee
28%
Kujou Sara Jeannie Tirado
28%
Kirara Julia Gu
28%
Keqing Kayli Mills
28%
Citlali Skyler Davenport
28%
Sucrose Valeria Rodriguez
28%
Lynette Anairis Quiñones
24%
Dori Anjali Kunapaneni
24%
Xilonen Beth Curry
24%
Diona Dina Sherman
24%
Chevreuse Erica Lindbeck
24%
Varesa Jane Jackson
24%
Kaeya Josey Montana McCoy
24%
Yaoyao Kelsey Jaffer
24%
Shikanoin Heizou Kieran Regan
24%
Noelle Laura Faye Smith
24%
Yumemizuki Mizuki Naomi McDonald
24%
Ororon Nathan Nokes
24%
Mika Robb Moreira
24%
Sigewinne Sarah Williams
24%
Layla Ashley Biski
20%
Chiori Brittany Lauda
20%
Faruzan Chandni Parekh
20%
Mona Felecia Angelle
20%
Kinich John Patneaude / Jacob Takanashi
20%
Nahida Kimberley Anne Campbell
20%
Chasca Lauren Amante
20%
Xianyun Stephanie Panisello
20%
Emilie Amber Aviles
16%
Lan Yan Anna Devlin
16%
Mavuika Katiana Sarkissian
16%
Iansan Katrina Salisbury
16%
Kachina Kristen McGuire
16%
No matching quizzes found
Score Distribution
Percent of People with Each Score
Percentile by Number Answered
Your Score History
You have not taken this quiz since the last reset